Stone cleaning: a guide for practitioners (Record no. 94418)

MARC details
000 -LEADER
fixed length control field 00718cam a2200265 4500
008 - FIXED-LENGTH DATA ELEMENTS--GENERAL INFORMATION
fixed length control field 090401t1994 xxu||||| |||| 00| 0 eng d
020 ## - INTERNATIONAL STANDARD BOOK NUMBER
International Standard Book Number 0748008748
035 ## - SYSTEM CONTROL NUMBER
System control number (Sirsi) u62467
041 ## - LANGUAGE CODE
Language code of text/sound track or separate title eng
050 ## - LIBRARY OF CONGRESS CALL NUMBER
Classification number 690.24
100 ## - MAIN ENTRY--PERSONAL NAME
Personal name Andrew, Christopher
245 ## - TITLE STATEMENT
Title Stone cleaning: a guide for practitioners
260 ## - PUBLICATION, DISTRIBUTION, ETC.
Place of publication, distribution, etc. Edinburgh
Name of publisher, distributor, etc. Historic Scotland & The Robert Gordon Un
Date of publication, distribution, etc. 1994
300 ## - PHYSICAL DESCRIPTION
Extent iv, 122p. ; 30cm.
350 ## - PRICE (NR) (BK AM CF MU VM SE) [OBSOLETE]
Price 0
650 ## - SUBJECT ADDED ENTRY--TOPICAL TERM
Topical term or geographic name entry element SCOTLAND
650 ## - SUBJECT ADDED ENTRY--TOPICAL TERM
Topical term or geographic name entry element STONE CLEANING
690 ## - LOCAL SUBJECT ADDED ENTRY--TOPICAL TERM (OCLC, RLIN)
Topical term or geographic name as entry element CONSERVATION
700 ## - ADDED ENTRY--PERSONAL NAME
Personal name Young, Maureen
700 ## - ADDED ENTRY--PERSONAL NAME
Personal name Tonge, Kenneth
710 ## - ADDED ENTRY--CORPORATE NAME
Corporate name or jurisdiction name as entry element Masonry Conservation Research Group
9 (RLIN) 603
710 ## - ADDED ENTRY--CORPORATE NAME
Corporate name or jurisdiction name as entry element Historic Scotland
9 (RLIN) 2914
942 ## - ADDED ENTRY ELEMENTS (KOHA)
Suppress in OPAC 0
948 ## - LOCAL PROCESSING INFORMATION (OCLC); SERIES PART DESIGNATOR (RLIN)
c (OCLC) 04/03/1997
Holdings
Withdrawn status Lost status Source of classification or shelving scheme Damaged status Not for loan Home library Current library Shelving location Date acquired Total Checkouts Full call number Barcode Date last seen Date last checked out Copy number Price effective from Koha item type
    Dewey Decimal Classification     London London Folio 06/12/2000 11 F690.24 30063013 06/08/2019 17/08/2009 1 06/08/2019 Book